[Event "ICS Rated blitz match"]
[Site "204.178.125.65"]
[Date "1999.08.09"]
[Round "?"]
[White "JudgeTurpin"]
[Black "Hossa"]
[Result "0-1"]
[WhiteElo "2568"]
[BlackElo "2419"]
[PlyCount "130"]
[EventDate "1999.??.??"]

1. d4 d5 2. Nc3 Nf6 3. Bg5 Bf5 4. f3 Nbd7 5. Nxd5 Nxd5 6. e4 h6 7. Bh4 c5 8.
exd5 cxd4 9. Qxd4 Bxc2 10. Kf2 a6 11. Rc1 Rc8 12. f4 Nb6 13. Re1 Nxd5 14. g3
Qa5 15. Bh3 e6 16. Bxe6 fxe6 17. Rxe6+ Kf7 18. Qe5 Qxa2 19. Kg2 Bc5 20. Kh3
Nxf4+ 21. Qxf4+ Kxe6 22. Nf3 Kd7 23. Ne5+ Ke8 24. Qg4 Rc7 25. Re1 Kf8 26. Bd8
Rf7 27. Nd7+ Rxd7 28. Qxd7 Qf7 29. Be7+ Bxe7 30. Qc8+ Qe8 31. Qxc2 Qh5+ 32. Kg2
Qd5+ 33. Re4 Kf7 34. Qf2+ Bf6 35. Qf3 Rd8 36. h4 Qb5 37. b3 Rf8 38. Qg4 Qxb3
39. Qd7+ Kg8 40. Qg4 Qa2+ 41. Kh3 b5 42. Qd1 Qf7 43. Qd3 Qh5 44. Kh2 a5 45.
Qb3+ Kh7 46. Qd3 g6 47. Qd7+ Kh8 48. Re8 Rxe8 49. Qxe8+ Kh7 50. Qd7+ Bg7 51.
Qe6 a4 52. Qe7 Qe5 53. Qa7 Qe2+ 54. Kg1 Qd1+ 55. Kh2 b4 56. Qa6 a3 57. h5 Qxh5+
58. Kg1 Qd1+ 59. Kh2 Qd2+ 60. Kh3 a2 61. Qa8 a1=Q 62. Qxa1 Bxa1 63. g4 Be5 64.
g5 hxg5 65. Kg4 65... Qg2# {JudgeTurpin checkmated} 0-1

[Event "ICS Rated blitz match"]
[Site "204.178.125.65"]
[Date "1999.08.09"]
[Round "?"]
[White "Hossa"]
[Black "bot"]
[Result "0-1"]
[WhiteElo "2441"]
[BlackElo "2842"]
[PlyCount "72"]
[EventDate "1999.??.??"]

1. d4 Nf6 2. c4 e6 3. Nc3 Bb4 4. Bg5 c5 5. d5 h6 6. Bd2 d6 7. e4 O-O 8. Bd3
exd5 9. cxd5 Bxc3 10. Bxc3 Nxe4 11. Bxe4 Re8 12. Qc2 Qh4 13. O-O-O Qxe4 14.
Qxe4 Rxe4 15. f3 Ra4 16. Re1 Bd7 17. Kb1 Bf5+ 18. Ka1 Nd7 19. b3 Ra6 20. g4 Bh7
21. b4 Bd3 22. h3 cxb4 23. Bxb4 Nf6 24. Re7 Rc8 25. Rxb7 Rc1+ 26. Kb2 Rc2+ 27.
Kb3 Raxa2 28. Rb8+ Kh7 29. Rc8 Rcb2+ 30. Kc3 Bb5 31. Ba3 Nxd5+ 32. Kd4 Rd2+ 33.
Ke4 Rxa3 34. Rh8+ Kxh8 35. f4 Nf6+ 36. Kf5 36... Bd3# {Hossa checkmated} 0-1

[Event "ICS Rated blitz match"]
[Site "204.178.125.65"]
[Date "1999.08.09"]
[Round "?"]
[White "Talmoves"]
[Black "Hossa"]
[Result "1-0"]
[WhiteElo "2550"]
[BlackElo "2438"]
[Annotator "Fritz 5.32 (15s)"]
[PlyCount "54"]
[EventDate "1999.??.??"]

1. Nf3 1... c5 {Opening = C07 - 3.Nd2 c5 (4.ed5 ---)} 2. e4 e6 3. d4 d5 4. Nbd2
cxd4 5. exd5 Qxd5 6. Bc4 Qh5 7. O-O 7... Qc5 $11 (7... Nc6 $5 $15 8. Nb3 Bd7 (
8... Nf6 9. Nbxd4 Nxd4 10. Nxd4 Qxd1 11. Rxd1 a6 12. Be2 Be7 13. Bf3 O-O 14.
Bf4 Rd8 15. c4 Ne8 16. Nc6 Rxd1+ 17. Rxd1 bxc6 18. Bxc6 e5 19. Bxe5 Bg4 20. Rd4
Rc8 21. Bxe8 Be6 22. Bd7 Rc5 23. Bd6 {
Krogius,N-Barcza,G/Sochi 1964/MCD/1-0 (53)}) 9. Nfxd4 Nf6 10. Be3 Qxd1 11.
Rfxd1 Ng4 12. Bf4 Be7 13. Nxc6 Bxc6 14. Nd4 Bc5 15. Bg3 Bxd4 16. Rxd4 Nf6 17.
Rad1 O-O 18. f3 Rac8 19. Bb3 Nd5 20. Kf2 h6 21. c4 Nb6 22. Bc2 {
Guid,M-Lampic,G/SLO-chT 1994/EXT 98/1-0 (49)}) (7... Nf6 8. Nb3 (8. Be2 Bd6 9.
Nc4 Bc7 10. Nfe5 Qh4 11. g3 Qh3 12. Qxd4 Bd7 13. Nd6+ Ke7 14. Nxb7 h5 15. Qc5+
Ke8 16. Qxc7 Na6 17. Bxa6 h4 18. Nxd7 Nxd7 19. Rd1 e5 20. Rxd7 Qxd7 21. Bb5 {
1-0 Rybak,M-Baumruk,J/Plzen 1997/EXT 98 (21)}) 8... Be7 9. Re1 Nc6 10. Be2 Qd5
11. Nfxd4 Bd7 12. Bf3 Qc4 13. Bf4 O-O 14. c3 Rfd8 15. Be2 Qd5 16. Bf3 Qc4 17.
Be2 Qd5 18. Bf3 Qc4 19. Be2 Qd5 20. Bf3 Qc4 21. Be2 Qd5 22. Bc7 {
Boey,J-Debarnot,R/Amsterdam 1974/MCL/1-0 (57)}) 8. Qe2 Nc6 9. Nb3 {
Weiss erhaelt starke Initiative} 9... Qb6 10. Bf4 Bd7 11. Rfd1 {
Der Druck auf d4 waechst} 11... O-O-O $16 {
Schwarz muss dringend die Entwicklung vorantreiben.} (11... Bc5 $5 $11) 12. Ne5
$14 (12. Nfxd4 12... Nb4 $16) 12... Be8 13. Nxc6 Bxc6 14. Qe5 Bxg2 (14... Nf6
$5 15. Qb8+ Kd7 16. Rxd4+ 16... Bd5 $14) 15. Kxg2 Bd6 16. Qxd4 {
Weiss erhaelt starke Drohungen in der geoeffneten d-Linie} 16... Bxf4 17. Qxf4
Nf6 18. Kg1 Qc6 19. Be2 Rd7 (19... h6 20. Bf3 Nd5 21. Qg3 $18) 20. Rxd7 {
Die Partie wird im Koenigsangriff beendet} 20... Qxd7 21. Rd1 Qe8 (21... Qc7 {
aendert nichts am Ausgang der Partie} 22. Qxc7+ Kxc7 23. Nd4 $18) 22. Na5 $1 {
huebsch. Droht entscheidend Qb4} 22... Qe7 23. Bf3 e5 24. Qc4+ Kb8 25. Nxb7 e4
(25... Qe6 {ist noch eine Idee} 26. Qb5 Qb6 27. Qxe5+ 27... Qc7 $18) 26. Nc5 {
Mit der Mattdrohung Qb5} 26... exf3 27. Qb5+ Kc8 1-0

[Event "ICS rated blitz match"]
[Site "204.178.125.65"]
[Date "1999.08.09"]
[Round "?"]
[White "Hossa"]
[Black "Fellen"]
[Result "1-0"]
[WhiteElo "2423"]
[BlackElo "2139"]
[PlyCount "39"]
[EventDate "1999.??.??"]

1. d4 Nf6 2. c4 g6 3. Nc3 Bg7 4. e4 d6 5. Nf3 O-O 6. Be2 e5 7. Bg5 Nc6 8. dxe5
dxe5 9. Qxd8 Rxd8 10. Nd5 Rd6 11. Nxf6+ Bxf6 12. c5 Re6 13. Bc4 Bxg5 14. Bxe6
Bxe6 15. Nxg5 Bc4 16. b3 Ba6 17. Rd1 Nd4 18. f4 f6 19. fxe5 Nc2+ 20. Kd2 {
Fellen resigns} 1-0

[Event "ICS Rated bullet match"]
[Site "204.178.125.65"]
[Date "1999.08.09"]
[Round "?"]
[White "Hossa"]
[Black "JSBach"]
[Result "1-0"]
[WhiteElo "2300"]
[BlackElo "2280"]
[PlyCount "109"]
[EventDate "1999.??.??"]

1. d4 d5 2. c4 dxc4 3. e4 Nf6 4. e5 Bg4 5. f3 Be6 6. exf6 exf6 7. Be3 Nc6 8.
Nc3 Bb4 9. Kf2 f5 10. a3 Bd6 11. d5 f4 12. Bxf4 Bxf4 13. g3 Bxd5 14. Qxd5 Be5
15. Bxc4 Qf6 16. Re1 O-O 17. Nge2 Rfe8 18. f4 Bd6 19. Ne4 Qxb2 20. Qxf7+ Kh8
21. Nxd6 cxd6 22. Rb1 Qxa3 23. Rxb7 Qe3+ 24. Kg2 Qe4+ 25. Kh3 Ne7 26. Rhb1 d5
27. Ba6 Rad8 28. Nc3 Qf5+ 29. Qxf5 Nxf5 30. Bd3 d4 31. Bxf5 dxc3 32. Rxa7 g6
33. Bg4 c2 34. Rc1 Rd2 35. Rc7 h5 36. Bf3 Re3 37. Ra1 Rd8 38. Bg2 Re2 39. Ra6
c1=Q 40. Rxc1 Rdd2 41. Rc7 Ra2 42. Rf6 Re8 43. Rxg6 Ra5 44. Rd7 Rf5 45. Rh6+
Kg8 46. Bd5+ Rxd5 47. Rxd5 Re2 48. Rd7 h4 49. Rxh4 Rf2 50. Kg4 Rb2 51. Rhh7 Rd2
52. Rxd2 Kxh7 53. Kg5 Kh8 54. Kg6 Kg8 55. Rd8# {JSBach checkmated} 1-0

[Event "ICS Rated blitz match"]
[Site "204.178.125.65"]
[Date "1999.08.09"]
[Round "?"]
[White "Hossa"]
[Black "Panthee"]
[Result "0-1"]
[WhiteElo "2426"]
[BlackElo "2246"]
[PlyCount "163"]
[EventDate "1999.??.??"]

1. d4 Nf6 2. c4 g6 3. Nc3 d5 4. e3 Bg7 5. Nf3 O-O 6. cxd5 Nxd5 7. e4 Nxc3 8.
bxc3 c5 9. Be3 Qa5 10. Bd2 Bg4 11. Be2 Nc6 12. d5 Bxf3 13. gxf3 Ne5 14. f4 Nd7
15. c4 Qc7 16. Rb1 e6 17. Qb3 b6 18. e5 Rae8 19. d6 Qc8 20. Bg4 f6 21. Qh3 Kf7
22. Be2 fxe5 23. fxe5 Nxe5 24. f4 Nc6 25. Bc3 Nd4 26. d7 Qxd7 27. Bd3 Kg8 28.
O-O Rf7 29. Rbd1 Ref8 30. Qg4 Qd6 31. Bd2 e5 32. Be4 Kh8 33. Bd5 Rf5 34. Be4
R5f6 35. fxe5 Qxe5 36. Rxf6 Qxf6 37. Be3 Nf3+ 38. Qxf3 Qxf3 39. Bxf3 Rxf3 40.
Rd8+ Bf8 41. Bh6 Kg8 42. Ra8 Rf7 43. a4 a5 44. Rb8 Rf6 45. Bxf8 Rxf8 46. Rxb6
Rf4 47. Ra6 Rxc4 48. Rxa5 Kf7 49. Ra7+ Kf6 50. Kg2 h5 51. a5 Ra4 52. Kf3 Ke5
53. Ke3 Ra3+ 54. Kf2 Ra2+ 55. Kg3 Kd4 56. a6 g5 57. Rd7+ Kc4 58. a7 Ra3+ 59.
Kf2 g4 60. Rb7 h4 61. Ke1 Kc3 62. Kf2 c4 63. Rd7 Ra2+ 64. Ke3 g3 65. hxg3 hxg3
66. Rg7 g2 67. Ke4 Rxa7 68. Rg3+ Kb4 69. Rxg2 Rd7 70. Rb2+ Kc3 71. Rf2 Kb3 72.
Rf4 c3 73. Rg4 c2 74. Rg1 Kb2 75. Rg2 Kb1 76. Rg3 c1=Q 77. Kf5 Qe1 78. Rb3+ Kc2
79. Rc3+ Kxc3 80. Kg5 Rf7 81. Kg6 Qe6+ 82. Kg5 {Hossa resigns} 0-1

[Event "ICS Rated blitz match"]
[Site "204.178.125.65"]
[Date "1999.08.09"]
[Round "?"]
[White "Panthee"]
[Black "Hossa"]
[Result "0-1"]
[WhiteElo "2270"]
[BlackElo "2402"]
[PlyCount "32"]
[EventDate "1999.??.??"]

1. e4 c5 2. Nf3 e6 3. d4 cxd4 4. Nxd4 d5 5. exd5 Qxd5 6. Be3 e5 7. Nf3 Qxd1+ 8.
Kxd1 Bg4 9. Be2 Nc6 10. c3 O-O-O+ 11. Nbd2 f5 12. h3 Bxf3 13. Bxf3 f4 14. Bxc6
fxe3 15. Bxb7+ Kxb7 16. fxe3 16... Bc5 {Panthee resigns} 0-1

[Event "ICS Rated blitz match"]
[Site "204.178.125.65"]
[Date "1999.08.09"]
[Round "?"]
[White "Hossa"]
[Black "Panthee"]
[Result "1-0"]
[WhiteElo "2412"]
[BlackElo "2260"]
[PlyCount "51"]
[EventDate "1999.??.??"]

1. d4 Nf6 2. c4 g6 3. Nc3 d5 4. e3 Bg7 5. Nf3 O-O 6. cxd5 Nxd5 7. e4 Nxc3 8.
bxc3 c5 9. Be3 Nc6 10. Be2 Bg4 11. Rb1 b6 12. Bb5 Qc7 13. Bxc6 Qxc6 14. Qd3
Rad8 15. d5 Qc7 16. Nd2 f5 17. Bg5 h6 18. Bh4 g5 19. h3 fxe4 20. Qc4 Kh8 21.
Bg3 Qd7 22. hxg4 Qxg4 23. Nxe4 e6 24. d6 Bd4 25. f3 Qf5 26. cxd4 {
Panthee resigns} 1-0

[Event "ICS Rated blitz match"]
[Site "204.178.125.65"]
[Date "1999.08.09"]
[Round "?"]
[White "Panthee"]
[Black "Hossa"]
[Result "0-1"]
[WhiteElo "2251"]
[BlackElo "2421"]
[PlyCount "102"]
[EventDate "1999.??.??"]

1. e4 c5 2. Nf3 e6 3. d4 cxd4 4. Nxd4 d5 5. exd5 Qxd5 6. Nc3 Bb4 7. Ndb5 Qxd1+
8. Kxd1 Kd7 9. Bf4 Nc6 10. Be2 Bxc3 11. Nxc3 e5 12. Bg3 Kc7 13. Bd3 Be6 14.
Nb5+ Kc8 15. Ke2 Nge7 16. Rad1 Rd8 17. Rhe1 e4 18. Bxe4 Bc4+ 19. Bd3 Bxb5 20.
Bxb5 Nd4+ 21. Rxd4 Rxd4 22. Kf1 Nc6 23. Bxc6 bxc6 24. Be5 Rg4 25. f3 Rg6 26. h4
a5 27. h5 Rg5 28. g4 Ra7 29. Kf2 Re7 30. Bc3 Rxe1 31. Bxe1 g6 32. hxg6 fxg6 33.
Kg3 Rc5 34. Bc3 a4 35. a3 g5 36. Kf2 Rc4 37. Ke3 c5 38. Kd3 Rf4 39. Ke2 Rf7 40.
Bd2 h6 41. Be3 c4 42. Bd4 Kd7 43. Ke3 Kd6 44. Ke4 Re7+ 45. Kf5 Kd5 46. Bc3 Re6
47. f4 gxf4 48. Kxf4 Re2 49. Bg7 Rf2+ 50. Kg3 Rxc2 51. Bxh6 51... Rxb2 {
Panthee resigns} 0-1

[Event "ICS Rated blitz match"]
[Site "204.178.125.65"]
[Date "1999.08.09"]
[Round "?"]
[White "libertad"]
[Black "Hossa"]
[Result "1-0"]
[WhiteElo "2254"]
[BlackElo "2430"]
[PlyCount "49"]
[EventDate "1999.??.??"]

1. d4 d5 2. c4 Nc6 3. Nc3 dxc4 4. Nf3 Nf6 5. e4 Bg4 6. Be3 e6 7. Bxc4 Bb4 8. d5
exd5 9. exd5 Bxc3+ 10. bxc3 Ne5 11. Qa4+ Bd7 12. Qb3 Nxf3+ 13. gxf3 b6 14. Qa3
c6 15. O-O-O Nxd5 16. Rhe1 Ne7 17. Bg5 f6 18. Bf4 c5 19. Qb3 a5 20. Bg8 c4 21.
Qxc4 Be6 22. Qxe6 Qxd1+ 23. Kxd1 Rd8+ 24. Kc2 Rd6 25. Qxe7# {Hossa checkmated}
1-0

[Event "ICS Rated blitz match"]
[Site "204.178.125.65"]
[Date "1999.08.09"]
[Round "?"]
[White "Hossa"]
[Black "libertad"]
[Result "1-0"]
[WhiteElo "2407"]
[BlackElo "2277"]
[PlyCount "99"]
[EventDate "1999.??.??"]

1. d4 Nf6 2. c4 g6 3. Nc3 d5 4. e3 Bg7 5. Nf3 O-O 6. cxd5 Nxd5 7. e4 Nxc3 8.
bxc3 c5 9. Be3 Be6 10. Ng5 Bd7 11. Be2 Bc6 12. Qd3 cxd4 13. cxd4 Qa5+ 14. Bd2
Qa4 15. Bc3 Rd8 16. Qc4 Qxc4 17. Bxc4 e6 18. O-O h6 19. Nxe6 fxe6 20. Bxe6+ Kh7
21. e5 Na6 22. Rfd1 Nc7 23. Bc4 Bd5 24. Be2 Ne6 25. Ba5 b6 26. Bc3 Rac8 27.
Rdc1 Rxc3 28. Rxc3 Nxd4 29. Re1 Bxe5 30. Ra3 a5 31. Bd3 Bd6 32. Ra4 Bb4 33. Rb1
Bf7 34. Kf1 Be8 35. Raxb4 axb4 36. Rxb4 b5 37. Rb1 Ra8 38. Re1 Bf7 39. Re7 Kg8
40. Rd7 Nc6 41. Bxb5 Ne5 42. Re7 Bc4+ 43. Bxc4+ Nxc4 44. Re2 Kf7 45. Rc2 Na3
46. Rc7+ Kf8 47. Rh7 h5 48. Rh8+ Kg7 49. Rxa8 Nc4 50. Ke2 {libertad resigns}
1-0

[Event "ICS Rated blitz match"]
[Site "204.178.125.65"]
[Date "1999.08.09"]
[Round "?"]
[White "libertad"]
[Black "Hossa"]
[Result "1-0"]
[WhiteElo "2267"]
[BlackElo "2417"]
[PlyCount "51"]
[EventDate "1999.??.??"]

1. e4 c5 2. c3 Nf6 3. e5 Nd5 4. d4 cxd4 5. cxd4 d6 6. Nf3 Nc6 7. Nc3 Nxc3 8.
bxc3 dxe5 9. d5 Bg4 10. dxc6 Qxd1+ 11. Kxd1 Bxf3+ 12. gxf3 bxc6 13. Kc2 f6 14.
Bc4 Rd8 15. Be3 a5 16. Rab1 g6 17. Be6 Bg7 18. Rhd1 Ra8 19. Rb7 h5 20. Rdd7 Bf8
21. Rdc7 Rd8 22. Rxc6 a4 23. Bb6 Bh6 24. Bxd8 Be3 25. Rc8 Bd2 26. Ba5# {
Hossa checkmated} 1-0

[Event "ICS rated blitz match"]
[Site "204.178.125.65"]
[Date "1999.08.09"]
[Round "?"]
[White "hamsi"]
[Black "Hossa"]
[Result "0-1"]
[WhiteElo "2341"]
[BlackElo "2390"]
[PlyCount "74"]
[EventDate "1999.??.??"]

1. e4 d6 2. Nf3 f5 3. exf5 Bxf5 4. d4 Nd7 5. Bd3 Bg4 6. h3 Bh5 7. g4 Bf7 8. Ng5
Bd5 9. O-O e5 10. c4 Be7 11. Nxh7 Bf7 12. Kg2 g6 13. dxe5 Nxe5 14. Nc3 Rxh7 15.
f4 Nxd3 16. Qxd3 Qd7 17. Be3 Nf6 18. f5 Qc6+ 19. Kg3 Bxc4 20. Qd4 Bxf1 21. Rxf1
gxf5 22. Rxf5 Qh1 23. Rxf6 Rxh3+ 24. Kf4 Qf3+ 25. Kg5 Bxf6+ 26. Qxf6 Qxe3+ 27.
Qf4 Qb6 28. Nd5 Qc5 29. Qe4+ Kf7 30. Qf5+ Kg7 31. Qf6+ Kg8 32. Qe6+ Kf8 33.
Qe7+ Kg8 34. Qe5 dxe5 35. Nf6+ Kf7 36. Ne4 Rg8+ 37. Kf5 37... Rf3# {
hamsi checkmated} 0-1

[Event "ICS rated blitz match"]
[Site "204.178.125.65"]
[Date "1999.08.09"]
[Round "?"]
[White "Hossa"]
[Black "hamsi"]
[Result "1-0"]
[WhiteElo "2404"]
[BlackElo "2327"]
[PlyCount "81"]
[EventDate "1999.??.??"]

1. d4 Nf6 2. c4 g6 3. Nc3 Bg7 4. e4 d6 5. f3 O-O 6. Be3 e5 7. Nge2 Nc6 8. Qd2
Nh5 9. d5 Ne7 10. g4 Nf4 11. Nxf4 exf4 12. Bxf4 f5 13. gxf5 gxf5 14. Rg1 Ng6
15. Bg5 Qe8 16. Nb5 fxe4 17. Nxc7 Qf7 18. Nxa8 exf3 19. O-O-O Bf5 20. Qf2 Rxa8
21. Qxf3 Qd7 22. Bd3 Bxd3 23. Qxd3 b5 24. cxb5 a6 25. bxa6 Rb8 26. b3 Qc7+ 27.
Kb1 Qa5 28. Bd2 Qc5 29. Be3 Qa5 30. Rxg6 hxg6 31. Rg1 Rc8 32. Qxg6 Rc7 33. Qe6+
Kh7 34. Bd4 Qd2 35. Qg6+ Kg8 36. a7 Rxa7 37. Bxg7 Qxa2+ 38. Kc1 Rc7+ 39. Bc3+
Kf8 40. Qg8+ Ke7 41. Rg7# {hamsi checkmated} 1-0

[Event "ICS rated blitz match"]
[Site "204.178.125.65"]
[Date "1999.08.09"]
[Round "?"]
[White "hamsi"]
[Black "Hossa"]
[Result "1/2-1/2"]
[WhiteElo "2314"]
[BlackElo "2417"]
[PlyCount "154"]
[EventDate "1999.??.??"]

1. e3 g6 2. Nf3 d5 3. d4 Bg7 4. c4 Bg4 5. Nc3 Nf6 6. Qb3 Bxf3 7. gxf3 Qc8 8.
Nxd5 Nxd5 9. cxd5 O-O 10. f4 c5 11. dxc6 Nxc6 12. Bg2 Bxd4 13. O-O Bg7 14. Bd2
Rd8 15. Rfd1 a5 16. Be1 Rxd1 17. Rxd1 a4 18. Qb5 a3 19. b3 Ra6 20. Rc1 Bb2 21.
Rc4 f6 22. Bd5+ e6 23. Bxc6 Rxc6 24. Rxc6 bxc6 25. Qc4 Qd7 26. Kf1 Qd5 27. Qxd5
exd5 28. Ke2 c5 29. Kd3 Kf7 30. f3 Ke6 31. e4 Bc1 32. exd5+ Kxd5 33. f5 gxf5
34. Bc3 Bg5 35. Ba5 Bf4 36. h3 h5 37. Bd8 Be5 38. Be7 f4 39. Bd8 Bd4 40. Bc7
Be3 41. Bd8 f5 42. Be7 Ke6 43. Bf8 Kd5 44. Be7 Bf2 45. Bd8 Kd6 46. Ba5 Be3 47.
Bc3 Kd5 48. Bf6 Bd4 49. Bh4 Bb2 50. Bf2 Bc1 51. Be1 Be3 52. Bc3 Kd6 53. Kc4 Kc6
54. Ba5 Bf2 55. Bd8 Kd6 56. Bg5 Be3 57. Bh6 Kc6 58. Bg7 Kb6 59. Bc3 Bf2 60. b4
Kc6 61. b5+ Kb6 62. Bd2 Be3 63. Be1 Ka7 64. Bh4 Kb6 65. Bd8+ Kb7 66. Ba5 Ka7
67. Kd5 Kb7 68. Kc4 Ka7 69. Bc3 Kb7 70. Be5 Ka7 71. Bc7 Kb7 72. Bd8 Bd4 73. Be7
Kb6 74. Bd6 Be3 75. Be5 Ka7 76. Bc3 Kb7 77. Ba5 77... Ka7 {
Game drawn by repetition} 1/2-1/2

[Event "ICS rated blitz match"]
[Site "204.178.125.65"]
[Date "1999.08.09"]
[Round "?"]
[White "Hossa"]
[Black "hamsi"]
[Result "1-0"]
[WhiteElo "2412"]
[BlackElo "2319"]
[PlyCount "81"]
[EventDate "1999.??.??"]

1. d4 Nf6 2. c4 e6 3. Nc3 c5 4. d5 e5 5. e4 d6 6. Bd3 Be7 7. Nge2 O-O 8. f4
Nbd7 9. O-O Re8 10. Ng3 Bf8 11. Be3 exf4 12. Rxf4 Ne5 13. Qe2 Nfg4 14. Rd1 Qh4
15. Nf1 g5 16. Bf2 Qh6 17. Rf3 Nxd3 18. Rfxd3 Ne5 19. Rg3 Bg7 20. Ne3 Ng6 21.
Ng4 Bxg4 22. Qxg4 Re5 23. Rh3 Nh4 24. g3 Qg6 25. gxh4 h5 26. Qd7 g4 27. Re3
Rae8 28. Qxb7 Bh6 29. Rg3 Bf4 30. Rg2 f5 31. exf5 Qxf5 32. Qxa7 Qc2 33. Bg3
Be3+ 34. Kh1 Qf5 35. Bxe5 Qxe5 36. Rf1 Bf4 37. Re2 Qxe2 38. Nxe2 Rxe2 39. Rxf4
Re1+ 40. Kg2 Re2+ 41. Kf1 {hamsi resigns} 1-0

[Event "ICS rated blitz match"]
[Site "204.178.125.65"]
[Date "1999.08.09"]
[Round "?"]
[White "StanleyCup"]
[Black "Hossa"]
[Result "1-0"]
[WhiteElo "2675"]
[BlackElo "2424"]
[PlyCount "107"]
[EventDate "1999.??.??"]

1. e4 d6 2. Nf3 f5 3. exf5 Bxf5 4. Nh4 Be4 5. Nc3 e5 6. Bb5+ c6 7. Nxe4 Qxh4 8.
d3 Be7 9. h3 d5 10. g3 Bb4+ 11. c3 Qe7 12. Bg5 Qf8 13. Qg4 Ne7 14. Bxe7 Kxe7
15. Ng5 Bd6 16. Qe6+ Kd8 17. Nf7+ Kc7 18. Nxh8 Qxh8 19. Ba4 Qf8 20. O-O-O Nd7
21. Qg4 g6 22. Rhf1 Nf6 23. Qg5 Re8 24. Kb1 Nd7 25. Qe3 Bc5 26. Qe2 Kb8 27.
Rde1 Nf6 28. Qc2 Qd6 29. Bb3 Qd7 30. g4 Qf7 31. Re2 Nd7 32. Rd1 Be7 33. Rde1
Bg5 34. d4 Bf4 35. Qd3 Re6 36. dxe5 Rxe5 37. Bc2 Qf6 38. Rxe5 Nxe5 39. Qd4 Bh2
40. h4 h6 41. Bd1 Bf4 42. Re2 g5 43. hxg5 hxg5 44. Re1 Qd6 45. Rh1 Qf6 46. Rh7
Qg6+ 47. Bc2 Qe8 48. a3 Qf8 49. Bf5 Qe8 50. Ka2 Bc1 51. Qb4 b6 52. Qd6+ Ka8 53.
Qc7 Qh5 54. Qc8# {Hossa checkmated} 1-0

[Event "ICS rated blitz match"]
[Site "204.178.125.65"]
[Date "1999.08.09"]
[Round "?"]
[White "Hossa"]
[Black "libertad"]
[Result "1-0"]
[WhiteElo "2418"]
[BlackElo "2241"]
[PlyCount "49"]
[EventDate "1999.??.??"]

1. c4 Nf6 2. d4 d5 3. cxd5 Nxd5 4. e4 Nf6 5. Nc3 e6 6. Be3 Bb4 7. Bd3 Nc6 8.
Nf3 O-O 9. O-O Bd7 10. e5 Nd5 11. Qc2 Bxc3 12. bxc3 f5 13. Rab1 Rb8 14. Bg5 Qe8
15. a3 h6 16. Bc1 g5 17. c4 Nde7 18. h4 Qh5 19. hxg5 hxg5 20. d5 exd5 21. cxd5
Nxd5 22. Qa2 Be6 23. Nxg5 Nd4 24. Nxe6 Qg4 25. Qxd5 {libertad resigns} 1-0

[Event "ICS rated blitz match"]
[Site "204.178.125.65"]
[Date "1999.08.09"]
[Round "?"]
[White "libertad"]
[Black "Hossa"]
[Result "0-1"]
[WhiteElo "2233"]
[BlackElo "2426"]
[PlyCount "112"]
[EventDate "1999.??.??"]

1. e4 e6 2. Nf3 d5 3. exd5 exd5 4. d4 c5 5. c4 cxd4 6. Qxd4 Be6 7. cxd5 Qxd5 8.
Nc3 Qxd4 9. Nxd4 Bb4 10. Bd2 Bd7 11. Bc4 Ne7 12. O-O O-O 13. a3 Bd6 14. Rfe1
Nbc6 15. Ndb5 Be5 16. Rad1 a6 17. Rxe5 Nxe5 18. Nc7 Nxc4 19. Nxa8 Bg4 20. f3
Bxf3 21. gxf3 Rxa8 22. Bc1 Nf5 23. Rd7 Ne5 24. Rxb7 Nxf3+ 25. Kf2 Nxh2 26. Nd5
Rc8 27. Bg5 f6 28. Bf4 Rc2+ 29. Kg1 Ng4 30. Rb8+ Kf7 31. Rb7+ Kg6 32. Ne7+ Nxe7
33. Rxe7 Rxb2 34. Bd6 Rc2 35. Re4 Nf2 36. Ra4 Rc6 37. Bg3 Nh3+ 38. Kg2 Ng5 39.
Ra5 Rc2+ 40. Kf1 Ne4 41. Bf4 Rf2+ 42. Kg1 Rxf4 43. a4 Nc3 44. Rxa6 Rxa4 45. Rc6
Ne4 46. Kh1 Ra2 47. Rc4 Re2 48. Ra4 Kg5 49. Kg1 g6 50. Ra3 h6 51. Rg3+ Kf5 52.
Rf3+ Kg4 53. Ra3 Rd2 54. Kh1 Ng3+ 55. Kg1 Kh3 56. Ra1 56... Rg2# {
libertad checkmated} 0-1

[Event "ICS rated blitz match"]
[Site "204.178.125.65"]
[Date "1999.08.09"]
[Round "?"]
[White "Hossa"]
[Black "sicillianknight"]
[Result "0-1"]
[WhiteElo "2434"]
[BlackElo "2845"]
[PlyCount "134"]
[EventDate "1999.??.??"]

1. d4 Nf6 2. c4 e6 3. Nc3 Bb4 4. Bg5 h6 5. Bh4 c5 6. d5 Bxc3+ 7. bxc3 d6 8.
Qa4+ Nbd7 9. Qc2 Qe7 10. e3 Nb6 11. Bxf6 Qxf6 12. e4 O-O 13. a4 exd5 14. cxd5
Re8 15. Ne2 Qh4 16. a5 Nd7 17. Ng3 Nf6 18. Bb5 Re5 19. O-O Ng4 20. h3 Ne3 21.
fxe3 Qxg3 22. Rf3 Qg5 23. Raf1 Re7 24. Bd3 Qe5 25. c4 f6 26. Rb1 Rb8 27. Qc1
Bd7 28. Qd2 Ree8 29. Qe1 h5 30. Qd2 Bc8 31. Rb2 Re7 32. Qc2 Bd7 33. Qe2 Qc3 34.
Rf1 Ba4 35. a6 Bb3 36. axb7 Rbxb7 37. Rbb1 Ba4 38. Rbc1 Qb2 39. Qe1 Qa3 40. Rc3
Rb3 41. Rxb3 Qxb3 42. Qd2 Qb4 43. Qe2 Qc3 44. Rb1 Be8 45. Rb8 Qa1+ 46. Kh2 Qe5+
47. Kh1 Kh7 48. Qf2 Bg6 49. Qf3 a5 50. Rf8 Re8 51. Rxe8 Bxe8 52. g4 a4 53. Bb1
a3 54. Qg2 hxg4 55. hxg4 Kg8 56. g5 fxg5 57. Qe2 Bg6 58. Kg1 Bxe4 59. Bxe4 Qxe4
60. Kf2 Qe5 61. Kf3 Qb2 62. Qe1 a2 63. Qa5 a1=Q 64. Qd8+ Kh7 65. Qxd6 Qd1+ 66.
Ke4 Qdc2+ 67. Kf3 67... Qg2# {Hossa checkmated} 0-1

[Event "ICS rated blitz match"]
[Site "204.178.125.65"]
[Date "1999.08.09"]
[Round "?"]
[White "sicillianknight"]
[Black "Hossa"]
[Result "1/2-1/2"]
[WhiteElo "2848"]
[BlackElo "2431"]
[PlyCount "140"]
[EventDate "1999.??.??"]

1. d4 d5 2. c4 e6 3. Nc3 c6 4. Nf3 Nf6 5. Bg5 Bb4 6. Qc2 O-O 7. e3 Nbd7 8. Bd3
h6 9. Bxf6 Nxf6 10. O-O c5 11. cxd5 exd5 12. dxc5 Bxc5 13. Bf5 Bb4 14. Nb5 Bd7
15. Bxd7 Qxd7 16. Qd3 a6 17. Nbd4 Ne4 18. Rac1 Rac8 19. Rfd1 Rxc1 20. Rxc1 Rc8
21. Rxc8+ Qxc8 22. Nc2 Bd6 23. Qd1 Qc4 24. b3 Qc3 25. Nfd4 Qb2 26. a4 Be5 27.
f3 Nc5 28. f4 Bf6 29. g4 Nxb3 30. Ne2 Nc5 31. a5 Ne4 32. Qd3 Qa2 33. f5 Qxa5
34. Nf4 Nc3 35. Qd2 Qb5 36. Na3 Qb4 37. Nc2 Qb1+ 38. Kg2 Be5 39. Nd3 Ne4 40.
Qe2 Qb5 41. Qd1 Bc3 42. Nf4 Nf6 43. h4 Qc4 44. g5 hxg5 45. hxg5 Qe4+ 46. Kg1
Ne8 47. Nxd5 Ba5 48. f6 gxf6 49. gxf6 b5 50. Qh5 Bd8 51. Ncb4 a5 52. Nc6 Qb1+
53. Kh2 Nxf6 54. Qg5+ Kh8 55. Nxd8 Qc2+ 56. Kh3 Qh7+ 57. Kg2 Qe4+ 58. Kh2 Nxd5
59. Nxf7+ Kh7 60. Qh5+ Kg8 61. Nh6+ Kg7 62. Qg5+ Kh7 63. Nf5 Qe5+ 64. Kh3 Qh8
65. Kh2 b4 66. Qh5+ Kg8 67. Nh6+ Kg7 68. Nf5+ Kg8 69. Nh6+ Kg7 70. Nf5+ 70...
Kg8 {Game drawn by repetition} 1/2-1/2

[Event "ICS rated blitz match"]
[Site "204.178.125.65"]
[Date "1999.08.09"]
[Round "?"]
[White "Hossa"]
[Black "sicillianknight"]
[Result "0-1"]
[WhiteElo "2444"]
[BlackElo "2835"]
[PlyCount "158"]
[EventDate "1999.??.??"]

1. d4 Nf6 2. c4 e6 3. Nc3 Bb4 4. Bg5 c5 5. d5 h6 6. Bd2 exd5 7. cxd5 O-O 8. e3
d6 9. Bc4 Nbd7 10. a3 Nb6 11. axb4 Nxc4 12. bxc5 dxc5 13. Qe2 Nb6 14. e4 Re8
15. O-O-O Qd6 16. Qd3 Ng4 17. Qf3 Nc4 18. h3 Nge5 19. Qe2 Nxd2 20. Qxd2 Bd7 21.
f3 Rad8 22. Nge2 Qb6 23. Qc2 Nc4 24. Rd3 Qg6 25. Nf4 Qd6 26. g3 Ne5 27. Re3 b5
28. Qb3 c4 29. Qc2 b4 30. Nce2 Qc5 31. Ng2 Qa5 32. Nef4 b3 33. Qb1 Rc8 34. Rc3
Qb6 35. Ne1 Qf2 36. g4 g5 37. Nh5 Nd3+ 38. Nxd3 Qe3+ 39. Kd1 Qxf3+ 40. Kd2 Qg2+
41. Nf2 Qxf2+ 42. Kc1 Bb5 43. Ng3 Rcd8 44. Rf1 Qg2 45. Rd1 a6 46. Rf1 Rxd5 47.
exd5 Qxf1+ 48. Nxf1 Re1+ 49. Kd2 Rxb1 50. Ne3 Rxb2+ 51. Kc1 Rh2 52. Nxc4 Bxc4
53. Rxc4 Rxh3 54. Kb2 Rd3 55. Rc5 Rd4 56. Kxb3 Rxg4 57. Ra5 Kg7 58. Rxa6 Rd4
59. d6 Kf6 60. Kc3 Ke5 61. Ra5+ Ke4 62. Ra6 f5 63. Rc6 Rd5 64. Kb4 g4 65. Kc4
g3 66. d7 Rxd7 67. Rxh6 g2 68. Rg6 Rc7+ 69. Kb5 Kf3 70. Rg5 Rc1 71. Rxf5+ Kg4
72. Rf8 g1=Q 73. Rg8+ Kf5 74. Rf8+ Kg6 75. Rg8+ Kh7 76. Rd8 Qc5+ 77. Ka6 Ra1+
78. Kb7 Rb1+ 79. Ka6 79... Qa3# {Hossa checkmated} 0-1